logo

Bir Sreshtho Munshi Abdur Rouf Library
Jhenaidah Cadet College

উচ্চ মাধ্যমিক পৌরনীতি প্রথম পত্র একাদশ-দ্বাদশ শ্রেণি / (Record no. 5331)

MARC details
000 -LEADER
fixed length control field 00793nam a2200229 a 4500
001 - CONTROL NUMBER
JCCL Control Number 5331
003 - CONTROL NUMBER IDENTIFIER
JCCL marc code BD-JhCC
005 - DATE AND TIME OF LATEST TRANSACTION
control field 20190902134016.0
008 - FIXED-LENGTH DATA ELEMENTS--GENERAL INFORMATION
fixed length control field 171212s2000 bg ||||| |||| 00| 0 ben d
035 ## - SYSTEM CONTROL NUMBER
system control number (BD-JhCC)5331
040 ## - CATALOGING SOURCE
Original cataloging agency BD-JhCC
Modifying agency BD-JhCC
041 ## - LANGUAGE CODE
Language code of Book ben
082 ## - DEWEY DECIMAL CLASSIFICATION NUMBER
Classification number 320.473
Author mark and Year HAQ 2000
100 ## - MAIN ENTRY--PERSONAL NAME
Personal name হক, মোজাম্মেল
245 ## - TITLE STATEMENT
Title উচ্চ মাধ্যমিক পৌরনীতি প্রথম পত্র একাদশ-দ্বাদশ শ্রেণি /
Statement of responsibility, etc মোঃ মোজাম্মেল হক
260 ## - PUBLICATION, DISTRIBUTION, ETC. (IMPRINT)
Place of publication, distribution, etc ঢাকা :
Name of publisher, distributor, etc শুভেচ্ছা পাবলিকেশন্,
Date of publication, distribution, etc ২০০০
300 ## - PHYSICAL DESCRIPTION
Pagination 316 p. :
Dimensions 28 cm.
600 ## - SUBJECT ADDED ENTRY--PERSONAL NAME
Personal name Civics
650 ## - SUBJECT ADDED ENTRY--TOPICAL TERM
Topical term or geographic name as entry element Civics
650 ## - SUBJECT ADDED ENTRY--TOPICAL TERM
Topical term or geographic name as entry element Good Governance
942 ## - ADDED ENTRY ELEMENTS (KOHA)
Source of classification or shelving scheme Dewey Decimal Classification
Koha item type Books
Koha issues (borrowed), all copies 2
Holdings
Source of classification or shelving scheme Damaged status Not for loan Home library Current library Shelving location Date of accession Cost, normal purchase price Total Checkouts Full call number Barcode Date last seen Copy number Koha item type Date checked out
Dewey Decimal Classification     JCC Rouf Library JCC Rouf Library General Stacks 12/13/2017 73.00   320.473 HAQ 2000 7333 12/13/2017 C-1 Books  
Dewey Decimal Classification     JCC Rouf Library JCC Rouf Library General Stacks 12/14/2017 115.00   320.473 HAQ 2000 7600 12/14/2017 C-2 Books  
Dewey Decimal Classification     JCC Rouf Library JCC Rouf Library General Stacks 02/08/2018 74.00   320.473 HAQ 2000 9160 02/08/2018 C-3 Books  
Dewey Decimal Classification     JCC Rouf Library JCC Rouf Library General Stacks 02/08/2018 74.00 1 320.473 HAQ 2000 9159 09/04/2019 C-4 Books 09/01/2019

JCC Library | Contacts | JCC Home

Last Update on 23 September 2017
Copyright @ 2017-2020 JCC Rouf Library
Rouf Library, Jhenidah Cadet College (JCC), Bangladesh